| 000 | 01028cam a22003137a 4500 | ||
|---|---|---|---|
| 003 | CHAP | ||
| 005 | 20220817041011.0 | ||
| 008 | 971013s1991 r 00010 d | ||
| 010 | _a4276 | ||
| 011 | _a5248 | ||
| 035 | _a4455 | ||
| 040 | _cCHAP | ||
| 090 | _aFolleto 13188 | ||
| 100 | 0 | 0 |
_aVillalón Mendoza, Horacio. _9119458 |
| 245 | 0 |
_aTopografía _b: prácticas de campo |
|
| 260 |
_aLinares, N. L. : _bUANL. Facultad de Ciencias Forestales, _c[1991] |
||
| 300 |
_a56 p. _b: ilus |
||
| 590 |
_aBATCH-UPD _b10 _c20130110 _lUCH01 _h0117 |
||
| 590 |
_aBATCH-UPD _b10 _c20130110 _lUCH01 _h1207 |
||
| 590 |
_aBATCH-UPD _b10 _c20130409 _lUCH01 _h2109 |
||
| 590 |
_aBATCH-UPD _b10 _c20130410 _lUCH01 _h0748 |
||
| 590 |
_aBATCH-UPD _b10 _c20130914 _lUCH01 _h2049 |
||
| 590 |
_aCONVERSION _b10 _c20130109 _lUCH01 _h1303 |
||
| 650 | 1 | 4 |
_aTopografía. _9113907 |
| 710 | 0 | _aUniversidad Autónoma de Nuevo León. Facultad de Ciencias Forestales. | |
| 901 | _aBK | ||
| 942 | _cFOLL | ||
| 949 |
_aFolleto 13188 _bBC _cFOLL _d-13999 _eTS1 _i4455 _mD _si |
||
| 999 |
_c4276 _d4276 |
||